000 00967cam a2200253 4500
001 ABS65603
008 020628n2002 000 0 eng u
035 _a(Sirsi) u118591
100 _aMorgan, N.
245 _aEnergy and environment special report
260 _c2002
490 _aEPSRC Newsline
_v(21) Spring 2002, 5-13(6)
520 _aA series of articles which examine the latest ideas for collecting solar energy; looks at a new project to try and extract energy from tidal currents and lastly highlights the work of EPSRC funded researchers who are trying to integrate renewable energy resources with existing electricity networks.
590 _aABS
650 _aRENEWABLE ENERGY PROJECTS
650 _aELECTRICITY PRODUCTION
650 _aSOLAR ENERGY
650 _aTIDAL ENERGY
650 _aENVIRONMENTAL RESOURCES
690 _aENVIRONMENTAL AND LAND CONSULTANCY-ENERGY
700 _aNorton, R.
700 _aKenwood, M.
942 _n0
999 _c70617
_d70617